Odpisovanie dlhodobého hmotného a dlhodobého nehmotného majetku diplomová práca

Salvato in:
Dettagli Bibliografici
Autore principale: Bršelová, Sandra
Ente Autore: Fakulta hospodárskej informatiky EU. Katedra účtovníctva a audítorstva
Altri autori: Szászová, Renáta
Natura: Libro
Lingua:slovacco
Pubblicazione: Bratislava 2012
Tags: Aggiungi Tag
Nessun Tag, puoi essere il primo ad aggiungerne!!

MARC

LEADER 00000nbm a2200000 4500
001 0154689
005 20161109102137.8
041 0 |a slo 
044 |a SK 
245 1 0 |a Odpisovanie dlhodobého hmotného a dlhodobého nehmotného majetku  |b diplomová práca  |c Sandra Bršelová ; školiteľ: Renáta Szászová 
264 1 |a Bratislava  |c 2012 
300 |a 71 s. 
100 1 |a Bršelová, Sandra 
700 1 |a Szászová, Renáta 
710 2 |a Fakulta hospodárskej informatiky EU. Katedra účtovníctva a audítorstva